PROGRAMAS DE TV POR EMISSORA Quiz Stats

 Plays Quiz not verified by Sporcle

Also try: Arthur Characters
Challenge
Share
Tweet
Embed
Score 0/36 Timer 20:00
0 Plays Today
% Correct
DOMINGO LEGAL
100%
ELIANA
100%
BOM DIA E CIA
66.7%
A PRACA E NOSSA
66.7%
DOMINGAO DO FAUSTAO
66.7%
BIG BROTHER BRASIL
66.7%
TV GLOBINHO
66.7%
TV XUXA
66.7%
ESTRELAS
66.7%
MAIS VOCE
66.7%
HOJE EM DIA
66.7%
O MELHOR DO BRASIL
66.7%
LEGENDARIOS
66.7%
PROGRAMA DO GUGU
66.7%
DOMINGO ESPETACULAR
66.7%
ALTAS HORAS
66.7%
ESQUADRAO DA MODA
33.3%
TOPA OU NAO TOPA
33.3%
% Correct
1 CONTRA 100
33.3%
CASOS DE FAMILIA
33.3%
RODA A RODA
33.3%
HEBE
33.3%
DE FRENTE COM GABI
33.3%
ZORRA TOTAL
33.3%
CALDEIRAO DO HUCK
33.3%
OS CARAS DE PAU
33.3%
A GRANDE FAMILIA
33.3%
TUDO E POSSIVEL
33.3%
A FAZENDA
33.3%
O APRENDIZ
33.3%
SHOW DO TOM
33.3%
IDOLOS
33.3%
O PRECO CERTO
33.3%
QUAL E O SEU TALENTO
0%
FANTASTICO
0%
RECORD KIDS
0%

You're not logged in!

Compare scores with friends on all Sporcle quizzes.
Join for Free
OR
Log In

You Might Also Like...

Show Comments

Extras

Created Dec 1, 2010ReportNominate
Tags:por, program

Top Quizzes Today


Score Distribution

Your Account Isn't Verified!

In order to create a playlist on Sporcle, you need to verify the email address you used during registration. Go to your Sporcle Settings to finish the process.

Report this User

Report this user for behavior that violates our Community Guidelines.

Details: